LEADER 01137nam a2200265 i 4500 001 000000165710 003 CaOOAMICUS 005 20211020100136.0 008 071024s1952 it u000 u ita u 013 $a143078 040 $aSeMil$bita 100 1 $aNeumann, Alfred,$d<1895-1952>.$0(OLS)http://semarc/name/62497 240 14$aDer teufel.$0(OLS)http://semarc/title/236615 245 13$aIl diavolo /$cAlfred Neumann ; con otto illustrazioni di Mario Vellani-Marchi. 264 1$a[Milano] :$bArnoldo Mondadori Editore,$c1952. 300 $a363 p. ;$c21 cm. 490 1 $aIl ponte. I grandi narratori italiani e stranieri ;$v30. 700 1 $aVellani-Marchi, Mario.$0(OLS)http://semarc/name/62498 830 3$aIl ponte. I grandi narratori italiani e stranieri ;$v30.$0(OLS)http://semarc/title/23616 850 $aSeMil 852 $aSeMil$W1$xVenegono$y1$m1T VI 76$j249050$B116893$CSeMilBibl$Z2$F127789 $81 961 $aRecupero: Altro 996 $6245$aIl diavolo$9(OLS)http://semarc/title/236614 996 $6264$a[Milano] :$bArnoldo Mondadori Editore$9(OLS)http://semarc/publisher/29634 LEADER 01154nam a2200217 i 4500 001 000000213296 003 CaOOAMICUS 005 20120518000000.0 008 120518s1855 it u000 u mul u 013 $a192151 040 $aSeMil$bita 100 1 $aRegnier, Adolphe <1804-1884>.$0(OLS)http://semarc/name/75983 245 10$aTraité de la formation des mots dans la langue grecque :$bavec des notions comparatives sur la dérivation et la composition en sanscrit, en latin et dans les idiomes germaniques /$cpar Ad. Regnier. 260 $aParis :$bLibr. Hachette et C.,$c1855. 300 $aVI, 494 p. ;$c23 cm. 500 $aParte de front. ritagliata. 650 4$aLingua greca - Etimologia.$0(OLS)http://semarc/subject/4286 850 $aSeMil 852 $aSeMil$W1$xVenegono$y1$m1Z III 27 FA$j163726$B163726$CSeMilBibl$Z2$F174788 $8I 996 $6245$aTraité de la formation des mots dans la langue grecque :$bavec des notions comparatives sur la dérivation et la composition en sanscrit, en latin et dans les idiomes germaniques$9(OLS)http://semarc/title/307553 996 $6260$aParis :$bLibr. Hachette et C.$9(OLS)http://semarc/publisher/52753 LEADER 00939nam a2200241 i 4500 001 000000089072 003 CaOOAMICUS 005 20091007000000.0 008 091007s2002 it u000 u ita u 013 $a61313 020 $a88-86811-41-1 040 $aSeMil$bita 245 10$aDicembre 2000 /$ca cura di Antonio Chilà. 300 $a434 p. 490 0 $aQuaderni de L'Osservatore Romano ;$v55./12 700 1 $aChilà, Antonio.$0(OLS)http://semarc/name/3762 773 0 $tPellegrini del duemila.$dCittà del Vaticano : L'Osservatore Romano, 2001-2002.$g12$w()7208 830 0$aQuaderni de L'Osservatore Romano ;$v55./12.$0(OLS)http://semarc/title/372 850 $aSeMil 852 $aSeMil$W1$xVenegono$y1$m2A V 330/12$j52229$B52229$CSeMilBibl$Z2$F56672 $81 961 $aAcquisto: Messaggero 996 $6020$a88-86811-41-1$9(OLS)http://semarc/number/68910 996 $6245$aDicembre 2000$9(OLS)http://semarc/title/134864 LEADER 00750nam a2200205 i 4500 001 000000103177 003 CaOOAMICUS 005 20010919000000.0 008 010919s1999 it u000 u ita u 013 $a75343 020 $a88-311-9251-5 040 $aSeMil$bita 245 10$aP-Z. 300 $aXXVIII, P. [1365]-2161, [6] p. di tav. + [1] c. di errata corrige. 773 0 $tDizionario enciclopedico del Medioevo.$dParis : Les Éditions du Cerf, 1998-1999.$gVolume3$w()6643 850 $aSeMil 852 $aSeMil$W1$xVenegono$y1$mSL1.G VIII 43$j59638$B59638$CSeMilBibl$Z2$F44128 $8I 961 $aAcquisto: Rimoldi mons. Antonio 996 $6020$a88-311-9251-5$9(OLS)http://semarc/number/82944 996 $6245$aP-Z$9(OLS)http://semarc/title/131106